A holocaust témája a tanártovábbképzésben
Elmentve itt :
| Szerző: | |
|---|---|
| Dokumentumtípus: | Cikk |
| Megjelent: |
2004
|
| Sorozat: | Iskolakultúra
14 No. 2 |
| Online Access: | http://misc.bibl.u-szeged.hu/39625 |
| LEADER | 00571nab a2200169 i 4500 | ||
|---|---|---|---|
| 001 | misc39625 | ||
| 005 | 20191106140804.0 | ||
| 008 | 180709s2004 hu o 0|| zxx d | ||
| 022 | |a 1215-5233 | ||
| 040 | |a SZTE Miscellanea Repozitórium |b hun | ||
| 041 | |a zxx | ||
| 100 | 1 | |a Szita Szabolcs | |
| 245 | 1 | 2 | |a A holocaust témája a tanártovábbképzésben |h [elektronikus dokumentum] / |c Szita Szabolcs |
| 260 | |c 2004 | ||
| 300 | |a 56-64 | ||
| 490 | 0 | |a Iskolakultúra |v 14 No. 2 | |
| 856 | 4 | 0 | |u http://misc.bibl.u-szeged.hu/39625/1/EPA00011_iskolakultura_2004_02_056-064.pdf |z Dokumentum-elérés |